[Event "Tashkent FIDE GP 2nd"]
[Site "Tashkent"]
[Date "2012.11.25"]
[Round "4"]
[White "Svidler, Peter"]
[Black "Ponomariov, Ruslan"]
[Result "1-0"]
[WhiteElo "2747"]
[BlackElo "2741"]
[Annotator "Ftacnik,L"]
[PlyCount "87"]
[EventDate "2012.11.22"]
[EventType "tourn"]
[EventRounds "11"]
[EventCountry "UZB"]
[EventCategory "20"]
[SourceTitle "CBM 152"]
[Source "ChessBase"]
[SourceDate "2013.01.15"]
[SourceVersion "1"]
[SourceVersionDate "2013.01.15"]
[SourceQuality "1"]

1. e4 e5 2. Nf3 Nc6 3. d4 exd4 4. Nxd4 Bc5 5. Nb3 Bb6 6. Nc3 Nf6 7. Qe2 O-O 8.
Bg5 {The Scotch Game in its modern form is anything but a boring opening.
White sports very ambitious plans, hoping for long castling and an attack.
Black's development advantage gives him a chance to start the immediate
counterattack.} (8. Be3 Re8 9. f3 d5 (9... Bxe3 10. Qxe3 d6 {0-1 Karjakin,S 
(2269)-Zubov,O (2328)/Alushta 2001/ (58)}) (9... d6 10. O-O-O Be6 11. Kb1 Nd7
12. Qf2 Bxe3 13. Qxe3 a6 14. Be2 (14. Nd4 Nxd4 15. Qxd4 Qf6 16. Be2 b5 17. Rhe1
Qh6 18. g3 Nb6 19. f4 Rad8 20. e5 c5 21. Qf2 dxe5 22. fxe5 Rxd1+ 23. Rxd1 Nd7
$11 {1/2 (32) Hansen,S (2577)-Georgiev,V (2566) Istanbul 2012}) 14... b5 15.
Rhe1 Nb6 16. Qf4 Ne5 17. Bf1 h6 18. Nd4 Qg5 19. Nxe6 fxe6 20. Qg3 Rf8 21. Ne2
Rae8 22. b3 Qxg3 23. hxg3 g5 $11 {1/2 (41) Panarin,M (2538)-Khalifman,A (2651)
Tyumen 2012}) 10. O-O-O Be6 11. Qf2 Ne5 $6 {/\...Ng4} (11... Qd6 $5) 12. h3 Ng6
13. Bxb6 axb6 14. f4 (14. exd5 Nxd5 15. Nxd5 Bxd5 16. c4 $2 Qg5+ $17) 14... Bd7
15. f5 $36 Ne5 16. exd5 b5 17. a3 Nc4 18. Bxc4 bxc4 19. Nd2 b5 20. g4 b4 21.
axb4 Ra1+ 22. Ndb1 Ne4 23. Nxe4 Rxe4 24. f6 $14 {1/2 (60) Caruana,F (2775)
-Naiditsch,A (2700) Dortmund 2012}) 8... Nd4 {Black does not have to worry
that he would not get a chance for counterplay. Naturally, the question about
achieving the maximum and crossing White's plans is difficult to answer.
Ponomariov is refraining from chasing away the bishop on g5, since it would
weaken the kingside.} (8... h6 9. Bh4 $1 (9. h4 d6 10. f3 hxg5 11. hxg5 Ng4 12.
fxg4 Qxg5 13. Qf3 Bxg4 14. Qg3 Ne5 15. Be2 f5 16. exf5 Qxf5 17. O-O-O Bxe2 18.
Nxe2 Qf2 19. Qh2 Qxe2 20. Qh8+ Kf7 21. Rdf1+ Bf2 22. Qh7 Ke6 23. Kb1 Qg4 {
0-1 Rublevsky,S (2649)-Anand,V (2781)/Bastia 2004}) 9... a5 (9... d6 10. O-O-O
Be6 11. Kb1 {1/2 (11) Leitao,R (2626)-Milos,G (2597) Santos 2011}) (9... Re8
10. O-O-O d6 11. f3 Be6 12. Kb1 Qe7 13. g4 Rad8 14. Qe1 Ne5 15. Be2 Ng6 16. Bg3
Bxb3 17. axb3 d5 18. exd5 Ba5 19. Bc4 Qf8 20. Qf2 a6 21. Ne4 Nxe4 22. fxe4 $14
{1/2 (53) Bok,B (2512)-Avrukh,B (2605) Biel 2012}) 10. a4 (10. O-O-O a4 11. Nd2
g5 12. Bg3 d5 13. h4 g4 14. h5 a3 15. b3 Bd4 16. Nb5 Bb2+ 17. Kb1 dxe4 18. Nc4
Qe7 19. Qe3 Nb4 20. Qxh6 $16 {1-0 (32) Negi,P (2658)-Sanikidze,T (2586) Baku
2012}) 10... Nd4 (10... Re8 11. O-O-O d6 12. f3 $5 Be6 13. g4 Bxb3 (13... Ne5
14. Nd4 $16) 14. cxb3 Nd4 15. Qg2 $5 Nxb3+ 16. Kb1 Nd4 17. Bc4 c6 18. g5 hxg5
19. Bxg5 $16) 11. Qd3 Nxb3 12. cxb3 Re8 13. O-O-O d6 14. Qc2 $1 Bd7 $6 (14...
c6 15. Bc4 Qe7 16. Rhe1 Be6 17. Nd5 $5 (17. f3 Bxc4 18. bxc4 Qe6) 17... cxd5
18. exd5 g5 $1 19. Bg3 Nxd5 20. Rxd5 Bc5 $11) 15. Bc4 Be6 16. Rhe1 Qe7 17. e5
$1 dxe5 18. Rxe5 Qf8 $8 19. Bxf6 gxf6 20. Re2 $16 {1-0 (38) Carlsen,M (2826)
-Bacrot,E (2716) Nanjing 2010. Carlsen was able to put his strong opponent
under serious pressure.}) 9. Qd2 Nxb3 10. axb3 {The difference to the
Carlsen's game against Bacrot lies in the location of white queen. The plan
with opening the c-file becomes simply unrealistic.} (10. cxb3 h6 11. Bf4 Re8
12. f3 d5 $15) 10... Re8 {The impression from the opening is quite
double-edged for White. The adversary has no serious problems with equalising
the game. Ponomariov could have contemplated the move 10..h6 with equality,
but he might have been dreaming about something better.} (10... h6 11. Be3 Bxe3
12. Qxe3 Re8 (12... d5 13. O-O-O Ng4 14. Qg3 d4 15. Nb5 c5 16. Be2 Nf6 17. Nd6
Be6 18. e5 Nd5 19. Bc4 Nb4 20. c3 Bxc4 21. bxc4 dxc3 22. bxc3 Nc6 23. f4 $14 {
1/2 (40) Darini,P (2503)-Bruzon Batista,L (2711) Istanbul 2012}) 13. f3 (13.
O-O-O c6 14. Qd4 Qe7 15. f3 b5 16. Qd6 Qxd6 17. Rxd6 Re6 18. Rxe6 dxe6 19. e5
Nd5 20. Ne4 a5 21. c4 Ne3 22. Kd2 Nf5 $11 {1-0 (51) Negi,P (2638)-Sargissian,G
(2679) Leon 2012}) 13... c6 14. O-O-O d5 15. Qc5 Qb6 16. Qxb6 axb6 17. exd5
Ra1+ 18. Kd2 Rxd1+ 19. Kxd1 Rd8 20. Bc4 (20. Bd3 Nxd5 21. Nxd5 Rxd5 22. Ke2 Kf8
23. b4 Bf5 24. Bxf5 Rxf5 25. Ra1 $11 {1/2 (30) Bruzon Batista,L (2711)
-Fressinet,L (2714) Istanbul 2012}) 20... b5 21. Bd3 Nxd5 22. Nxd5 Rxd5 23. Ke2
Kf8 24. b4 Ke7 25. Ra1 Kd6 $11 {1/2 (30) Wang Hao (2726)-Aronian,L (2816)
Istanbul 2012 The endgame is completely even.}) 11. f3 h6 12. Bf4 {Retreating
with the bishop is not easy for White, each and every square has some
disadvantages.} (12. Bh4 Nxe4 13. Bxd8 Nxd2+ 14. Kxd2 Rxd8 15. Nd5 d6 16. Nxb6
cxb6 17. Bd3 Bd7 $15) 12... d5 13. O-O-O d4 14. Kb1 (14. Bc4 Nh5 15. Bg3 Nxg3
16. hxg3 Qd6 $11) 14... Be6 {Both players have been creative in the original
position, so missing a small finesse was quite understandable. In the peace of
the home study it seems that Ponomariov missed the chance for the better idea
14...c5!? with prospects for taking the initiative.} (14... c5 $5 15. Nb5 Nh5
16. Bc4 Be6 $15) 15. Nb5 Qe7 (15... c5 16. g4 $14) 16. g4 (16. Nxd4 $2 Bxd4 17.
Qxd4 Rad8 $19) 16... Rad8 (16... a6 17. Na3 Bc5 18. g5 $14) 17. h4 {Svidler
has decided for the risky unclear opening for a good reason, he was hoping for
the violent attack on the kingside.} c6 18. Na3 Bc7 (18... Bc5 19. g5 Nh5 20.
gxh6 Nxf4 21. Qxf4 Qf6 22. Qg5 Qxg5 23. hxg5 b5 $11) 19. Nc4 (19. Bxc7 Qxc7 20.
g5 Nh5 21. gxh6 g6 22. Qg5 Qf4 23. Bc4 $14) 19... Bxf4 20. Qxf4 Qc5 {
Ponomariov is not ready to play highly risky chess and so he plans to
eliminate the danger with the help of the queen exchange.} (20... Bxc4 21. Bxc4
b5 22. Bf1 Nh7 $11) 21. g5 Nh5 22. Qh2 Bxc4 23. Bxc4 b5 24. Bd3 Qe5 {Very
similar to the English Attack in the Sicilian Defence: the black knight on h5
feels much better than the first glance could ever reveal. It prevents the
opening of the h-file and due to its control of the f4-square is obstructing
the enemy activities on the kingside.} 25. Rdg1 (25. gxh6 Qxh2 26. Rxh2 gxh6
27. Rg2+ Kf8 $11) 25... Qxh2 26. Rxh2 g6 27. Rg4 (27. gxh6 a5 28. Rf2 Nf4 29.
Rg4 Nh5 $11) 27... Ng7 $6 {The main disadvantage of the current balanced
position is the difference in dynamics. Black would prefer the status quo,
White will actively try to improve his position. Ponomariov is trying to force
the taking on h6 due to the h6-h5 threat, but it will cost him two precious
tempi.} (27... a5 28. f4 Kg7 29. e5 Re7 $11) 28. gxh6 Nh5 29. f4 Kh7 (29... Kh8
30. b4 (30. e5 f5 $1 31. exf6 Re1+ 32. Ka2 Nxf6 33. Rxg6 Nd5 34. b4 Re3 35. Kb3
a5 $11) 30... Kh7 31. e5 Kxh6 32. Kc1 $14) 30. e5 Kxh6 31. b4 $1 {An important
detail that reveals the touch of a true master. Svidler is active on the
kingside, but he will not forget about fixing the structure on the opposite
flank.} Kg7 (31... Ra8 32. Re2 a5 33. f5 gxf5 34. Bxf5 $14) 32. Rf2 Kf8 (32...
Rd7 33. f5 Rxe5 34. fxg6 f6 35. Kc1 $14) 33. f5 $1 {[%mdl 32] The opening of
the position comes at a moment which is really unpleasant for the defender.}
gxf5 (33... Rxe5 34. fxg6 f6 35. g7+ Kg8 36. Bg6 Re1+ 37. Ka2 Re5 38. Bxh5 Rxh5
39. Rxf6 d3 40. cxd3 Rh7 41. Rxc6 Rxg7 42. Rxg7+ Kxg7 43. Rc7+ $16) 34. Rg5 (
34. Rxf5 Ng7 35. Rf6 Rxe5 36. Rxc6 Ne6 37. Ra6 $14) 34... Ng7 35. h5 Re6 $6 {
The defence forever remains an ungrateful task for any player. Choosing
properly what threats to parry first is next to impossible, one slip can
trigger dire consequences.} (35... Rxe5 36. h6 Ne6 37. h7 $18) (35... f4 $1 36.
h6 Ne6 37. h7 Ke7 38. Rg1 $14) 36. Rfg2 Ne8 37. Rxf5 {White has managed to
open up the position and created a very dangerous passed pawn on the h-file.} (
37. Bxf5 Rh6 38. Be4 $14) 37... Rd7 (37... Rd5 38. Rgg5 Nc7 39. Rf1 Ne8 (39...
Rdxe5 40. Rxe5 Rxe5 41. h6 Rh5 42. h7 $18) 40. Rgf5 Rd7 41. R5f3 $16) 38. Rf1
Rh6 {If anybody should be hesitating to believe that Black is under great
pressure he might consider the charming tactical line with a break of the
passed h-pawn after 38...Rde7.} (38... Rde7 39. Bg6 Rxe5 40. h6 Re1+ 41. Ka2
Rxf1 42. h7 Rh1 43. Bh5 $18) 39. e6 $1 Re7 (39... Rxe6 40. Bf5 Rf6 41. h6 $18)
40. exf7 Nf6 {The tragedy is complete, since Black can not even recapture the
daring pawn f7.} (40... Rxf7 41. Rxf7+ Kxf7 42. Bg6+ $18) 41. Rg6 Rxg6 42. hxg6
Nh5 43. Rh1 Re5 44. Be2 $1 {Svidler has managed to demonstrate his true
strength, his play was very impressive.} (44. Be2 $1 Rxe2 45. Rxh5 Rf2 46. Rh8+
$18) 1-0

[Event "Olympiad-31"]
[Site "Moscow"]
[Date "1994.12.04"]
[Round "4.2"]
[White "Handoko, Edhi"]
[Black "Speelman, Jonathan S"]
[Result "0-1"]
[WhiteElo "2510"]
[BlackElo "2600"]
[Annotator "Ftacnik,L"]
[PlyCount "88"]
[EventDate "1994.12.01"]
[EventType "team-swiss"]
[EventRounds "14"]
[EventCountry "RUS"]
[SourceTitle "CBM 045"]
[Source "ChessBase"]
[SourceDate "1995.04.01"]
[SourceVersion "1"]
[SourceVersionDate "1995.04.01"]
[SourceQuality "1"]
[WhiteTeam "Indonesia"]
[BlackTeam "England"]
[WhiteTeamCountry "INA"]
[BlackTeamCountry "ENG"]

1. e4 {Speelman} e5 2. Nf3 Nc6 3. d4 exd4 4. Nxd4 Bc5 5. Be3 Qf6 6. c3 Nge7 7.
Bc4 b6 8. Qd2 Qg6 (8... Bb7 9. b4 Bxd4 10. cxd4 Qg6 11. f3 O-O-O {Lau-Juergens/
Dortmund op/1992/}) 9. f3 (9. O-O $5 Qxe4 10. Bd3 Qh4 11. Nb5 O-O 12. Nxc7 $14)
9... Ne5 10. Bf1 (10. Bb3 $6 Ba6 $1) 10... d5 11. b4 Bd6 12. f4 Ng4 13. e5 Bxe5
$1 (13... Qe4 14. exd6 cxd6 (14... Nxe3 15. dxe7 Nc2+ 16. Kf2 Nxa1 17. Bb5+ Bd7
18. Re1 $16) 15. Ke2 $16) 14. fxe5 Qe4 15. Nc2 (15. Ke2 c5 16. Nc2 Bf5 17. Nba3
Qxe5 $44) 15... Nxe3 $1 16. Nxe3 Nf5 17. Bb5+ Kf8 18. Kf2 (18. Ke2 $2 Nxe3 19.
Qxe3 Qxg2+ $19) 18... Qf4+ 19. Ke2 d4 20. Nxf5 Qxe5+ 21. Kd1 Bxf5 22. Qe2 (22.
c4 {Speelman} h5 23. Rf1 Rh6 24. Qf4 Bg4+ 25. Kc2 Qe7 26. Nd2 Re6 $14) 22...
Qd6 23. Kc1 c6 (23... dxc3 24. Nxc3 Qxb4 25. Qb2 Qc5 $13) 24. Qf3 $1 Qh6+ 25.
Kb2 dxc3+ 26. Kb3 (26. Ka3 a5 $1 27. Qxc6 axb4+ 28. Kb3 Be6+ 29. Bc4 $13) 26...
Be6+ 27. Kxc3 $2 (27. Bc4 Bxc4+ 28. Kxc4 Qe6+ 29. Kd3 Rd8+ 30. Kc2 $13) 27...
Bd5 28. Qf5 Bxg2 $2 (28... a5 $1 29. bxa5 Qe3+ 30. Bd3 Rxa5 31. Qc8+ Ke7 32.
Qxh8 Rc5+ 33. Kb4 Qd4+ $19) 29. Bc4 $1 Qg6 30. Qxg6 hxg6 31. Nd2 $2 (31. Rd1
Rxh2 32. Rd7 Bd5 $17) 31... Bxh1 32. Rxh1 Rh3+ 33. Kc2 Rd8 34. Rf1 $2 Rxh2 $1
35. Bd3 (35. Rxf7+ Ke8 36. Rxg7 Rdxd2+ $19) 35... c5 36. bxc5 bxc5 37. Rf4 Rd4
38. Rxd4 cxd4 39. Bb5 f5 40. Kd3 Ke7 41. a4 Kf6 42. a5 g5 43. a6 g4 44. Bc6 g5
0-1

[Event "Poikovsky Karpov 08th"]
[Site "Poikovsky"]
[Date "2007.03.18"]
[Round "4"]
[White "Rublevsky, Sergei"]
[Black "Tkachiev, Vladislav"]
[Result "1-0"]
[WhiteElo "2677"]
[BlackElo "2649"]
[Annotator "Ftacnik,L"]
[PlyCount "55"]
[EventDate "2007.03.15"]
[EventType "tourn"]
[EventRounds "9"]
[EventCountry "RUS"]
[EventCategory "17"]
[SourceTitle "CBM 117"]
[Source "ChessBase"]
[SourceDate "2007.03.30"]
[SourceVersion "1"]
[SourceVersionDate "2007.03.30"]
[SourceQuality "1"]

1. e4 e5 2. Nf3 Nc6 3. d4 exd4 4. Nxd4 Bc5 5. Nxc6 Qf6 6. Qf3 bxc6 7. Qg3 h5 8.
h4 Nh6 9. f3 d5 {Tkachiev is trying to speed up opening of the position since
white has no pieces in the play. Safe line was 9...0-0 with no problems for
black.} (9... O-O 10. Nc3 Re8 11. Be2 (11. Bg5 $6 Nf5 12. Qf4 Qe6 $15) 11... d5
$11) 10. Nc3 Bb4 (10... O-O 11. Bg5 Bd6 12. Qf2 Qe6 13. O-O-O $14) 11. Bd2 dxe4
(11... d4 12. O-O-O Bd6 13. e5 Nf5 14. exf6 Nxg3 15. fxg7 Rg8 16. Ne4 Rxg7 17.
Nxg3 Rxg3 18. Be1 Rg6 19. Rxd4 $16) 12. O-O-O {The situation has rapidly
changed and black faces some problems.} e3 (12... O-O 13. Nxe4 $16) 13. Bxe3
Bxc3 (13... O-O 14. Ne4 Qe6 15. Bc4 $1 $16) 14. Bg5 $1 $146 {This natural blow
refutes black's strategy. In the foreruners encounter white did not find the
courage for complications.} (14. bxc3 $2 Nf5 15. Qg5 Nxe3 16. Qxe3+ Qe7 17.
Qxe7+ Kxe7 18. Bc4 Be6 19. Rd4 Rad8 20. Re1 Rxd4 21. cxd4 Rd8 22. c3 Kf6 23.
Bxe6 fxe6 $11 {0-1 Ni Hua (2607)-Najer,E (2677)/Ergun 2006/ (47)}) 14... Bxb2+
15. Kb1 Be6 (15... Be5 16. Qxe5+ $1 Qxe5 17. Rd8#) (15... Rb8 16. Bxf6 gxf6 (
16... Bxf6+ 17. Kc1 O-O 18. Qxc7 $18) 17. c3 Bf5+ 18. Rd3 (18. Bd3 $2 Ba3+ 19.
Ka1 Bb2+ $11) 18... Bxc3+ 19. Kc2 Be5 20. f4 $16) 16. Bxf6 Bxf6 17. Re1 {
Black can claim only two light pieces for the queen and his attack is not
strong enough.} (17. Qxc7 O-O 18. Qxc6 Rab8+ 19. Kc1 Rb2 20. Bd3 Rxa2 21. Rde1
$18) 17... Rb8+ 18. Kc1 Nf5 (18... Bb2+ 19. Kd2 Rd8+ 20. Bd3 $18) 19. Qxc7 O-O
20. Rxe6 $1 {Very sensible decision to eliminate the bishop and win on the
light squares.} (20. Bd3 Nxh4 21. Kd2 $16) 20... fxe6 21. Bc4 Bb2+ 22. Kd2
Rbd8+ 23. Bd3 Bf6 (23... Rd6 24. Qxa7 $18) 24. Qxc6 Rd6 25. Qe4 Rc8 (25... Kf7
26. Rb1 $18) 26. g4 {Rublevsky enjoys spare material and mating attack, the
game is over.} Nd4 (26... Bc3+ 27. Kc1 Rb6 28. gxf5 Rcb8 29. Kd1 Rb1+ 30. Ke2
Rxh1 31. Kf2 $18) 27. g5 Be5 (27... Bd8 28. Qh7+ Kf8 29. Qh8+ Kf7 30. g6+ Kf6
31. Qf8+ $18) 28. f4 1-0

[Event "Women-Veterans"]
[Site "Prague"]
[Date "1995.??.??"]
[Round "7"]
[White "Hort, Vlastimil"]
[Black "Xie, Jun"]
[Result "0-1"]
[WhiteElo "2560"]
[BlackElo "2540"]
[Annotator "Ftacnik,L"]
[PlyCount "70"]
[EventDate "1995.07.??"]
[EventType "schev"]
[EventRounds "5"]
[EventCountry "CZE"]
[SourceTitle "CBM 048"]
[Source "ChessBase"]
[SourceDate "1995.10.01"]
[SourceVersion "1"]
[SourceVersionDate "1995.10.01"]
[SourceQuality "1"]

1. e4 {Blatny,P} e5 2. Nf3 Nc6 3. d4 exd4 4. Nxd4 Nf6 5. Nxc6 bxc6 6. e5 Qe7 7.
Qe2 Nd5 8. c4 Ba6 9. b3 Qh4 10. a3 Bc5 11. Bb2 (11. g3 Bxf2+ $1 12. Qxf2 Qe4+ {
Natali-Kachiani/Baden Baden/1991/} 13. Kd2 Qxh1 14. Bg2 Qxh2 15. cxd5 cxd5 16.
Nc3 c6 17. Bb2 Qh6+ 18. Qf4 $13) 11... Nf4 (11... Ne3 $5 12. g3 $1 $8 Qe4 13.
fxe3 Qxh1 14. Nc3 Rb8 15. b4 Qg1 $5 16. bxc5 Bxc4 17. Qxc4 Rxb2 18. O-O-O Rxh2
$13) 12. Qf3 (12. Qd2 $2 Nh3 $1 $19) (12. Qc2 Qg4 $5 13. f3 $1 Qg6 14. Qd2 Qh6
15. Bc1 g5 16. b4 $13) 12... Ne6 13. g3 (13. Bd3 Bd4 14. Ra2 $13) (13. Bd3 $142
{Blatny,P}) 13... Ng5 (13... Qh6 14. Qd1 (14. Nd2 O-O (14... Rb8 15. Qd3 $2 (
15. b4 $1 O-O $1 {/\ Bd4}) 15... O-O 16. Bg2 Rfd8 17. b4 d6 $1 $36 18. Qc2 Nd4
$2 (18... Bd4 19. exd6 Rxd6 20. Ne4 Bxb2 21. Qxb2 Rd4 22. O-O Bxc4 $15) 19.
Bxd4 $1 Bxd4 20. Rd1 dxe5 21. Nb3 Rd6 22. O-O Rbd8 23. Rfe1 Qf6 24. Rd2 $1 {
Sax,Gy-van der Wiel,J/Wijk/1992/0.5 (35)}) 15. Ne4 Rab8 16. Nxc5 Nxc5 17. b4
Na4 18. Bc1 Qe6 19. Qe4 c5 20. Bd3 f5 21. exf6 Qxe4+ 22. Bxe4 Rbe8 23. f3 Bxc4
24. bxc5 Nxc5 25. Be3 Nxe4 26. fxe4 Rxe4 {Ocytko,A-Aleksandrov,A/Wisla BES (02)
/1992/0-1 (37)}) 14... f6 15. exf6 O-O 16. Be2 Rxf6 17. O-O Rxf2 18. Rxf2 Rf8
19. b4 Rxf2 {0-1/Edvardsson,K-Carlhammar,M/Gausdal Peer Gynt (7)/1992/}) (13...
Qe7 $1 14. Nd2 O-O-O $1 15. b4 $8 (15. Bg2 Nd4 16. Qe4 d5 $1 17. exd6 Qxd6 18.
O-O Rhe8) 15... Bd4 16. Bxd4 $2 Nxd4 17. Qe4 Nc2+ $1 $19 {Gomez,A-Valdes,L/
Cuba/1991/}) (13... Nd4 $5 14. Qd3 Qg4 15. Nd2 d5 16. Bg2 O-O-O 17. h3 Qh5 18.
Bxd4 dxc4 19. Nxc4 Rxd4 20. Nd6+ Kb8 21. Qxa6 Qxe5+ 22. Qe2 Qxe2+ 23. Kxe2 cxd6
24. Bxc6 Rc8 $15 {Handoko,E-Xie Jun/Jakarta/1994/}) (13... Qh6 $5 {Blatny,P})
14. Qe2 (14. Qxf7+ Kxf7 15. gxh4 Nf3+ 16. Kd1 Rae8 17. Nd2 Bd4 18. Bxd4 Nxd4
19. f4 Rhf8 20. c5 Bxf1 21. Rxf1 Rb8 {Izeta Chavarri,F-Iruzubieta,J/Elgoibar 
(02)/1991/0.5 (44)}) (14. Qxc6 $142 $5 {Blatny,P} dxc6 15. gxh4 Nf3+ (15... Ne4
$2 16. Bg2 $18) 16. Ke2 Nd4+ $1 17. Bxd4 Bxd4 18. Ra2 Bxe5 19. Bg2 Bb7 $15 {
^^, קh4}) 14... Qe4 15. Qxe4 (15. h4 Qxh1 16. hxg5 $16 {Gutman} (16. hxg5 {
Blatny,P} O-O 17. Nd2 d5 $1 $19)) 15... Nxe4 16. f4 $2 (16. f3 Nf2 17. b4 (17.
Rg1 Nd3+ 18. Bxd3 Bxg1) 17... Be3 18. c5 $1 (18. Ke2 Bb6 {/^a6-f1} (18... Nxh1
$2 {Blatny,P} 19. Kxe3)) 18... Nd3+ (18... Bb7 19. Ke2 $16) (18... Bb5 19. Bxb5
cxb5 20. Ke2) (18... Bxf1 {Blatny,P} 19. Rxf1 Nd3+ 20. Ke2 Nxb2 21. Kxe3 d5 22.
exd6 cxd6 23. cxd6 Nc4+ 24. Kd4 Nxd6 25. Kc5 $16) 19. Bxd3 (19. Ke2 Bh6 $1 (
19... Nxb2+ {Blatny,P} 20. Kxe3 $14)) 19... Bxd3 20. Nc3 (20. f4 $2 Be4 21. Rf1
Bg2) 20... O-O-O $13) 16... Rb8 $1 (16... Nf2 17. b4 Be3 18. Ke2 Bb6 19. Ke1 $1
Be3 $10) 17. b4 Bf2+ 18. Kd1 Bxg3 $1 19. Rg1 (19. hxg3 Nf2+ 20. Ke2 Nxh1 21.
Kf3 c5 $1 {/\Bb7} 22. b5 Bb7+ $19) 19... Bxf4 20. Rxg7 Ke7 21. Bg2 $2 (21. Rg2
Rhg8 $17) (21. Rg2 $142 $17 {Blatny,P}) 21... Bh6 22. Bxe4 (22. e6 Bxg7 23.
Bxg7 Rhg8 24. Bxe4 Rxg7 25. exd7 Bxc4 $19) 22... Bxg7 23. Nd2 f6 24. exf6+ Bxf6
25. Bxf6+ Kxf6 26. Kc2 Rbe8 27. Rf1+ Ke7 28. Rf5 (28. Kc3 {Blatny,P} d5 $19)
28... Kd8 29. Bd3 (29. Ra5 Bxc4 30. Rxa7 Bd5 $19) 29... Bc8 30. Ra5 a6 31. Rh5
(31. c5 $142 {Blatny,P} d5 32. cxd6 cxd6 33. Bxa6 Bxa6 34. Rxa6 Kd7 $19 {_|_})
31... d6 32. Ne4 (32. Rxh7 Rxh7 33. Bxh7 Rh8 $19) 32... Re5 33. Rxe5 dxe5 34.
Ng5 Ke7 35. Bxh7 $2 (35. Nxh7 Be6 36. c5 Bg8 37. Ng5 Rxh2+ $19) 35... Rxh7 (
35... Rxh7 36. Nxh7 Bf5+ $19) 0-1

[Event "EU-Cup 08th semifinal"]
[Site "Tel Aviv"]
[Date "1992.??.??"]
[Round "4.1"]
[White "Hjartarson, Johann"]
[Black "Gelfer, Israel"]
[Result "1/2-1/2"]
[WhiteElo "2580"]
[BlackElo "2325"]
[Annotator "Gelfer,I"]
[PlyCount "90"]
[EventDate "1992.??.??"]
[EventType "team-match"]
[EventRounds "2"]
[EventCountry "ISR"]
[SourceTitle "EXT 2020"]
[Source "ChessBase"]
[SourceDate "2019.10.17"]
[SourceVersion "1"]
[SourceVersionDate "2019.10.17"]
[SourceQuality "1"]
[WhiteTeam "Muenchen Bayern"]
[BlackTeam "Tel-Aviv Hapoel"]
[WhiteTeamCountry "GER"]
[BlackTeamCountry "ISR"]

1. e4 e5 2. Nf3 Nc6 3. d4 exd4 4. Nxd4 Bc5 5. Be3 Qf6 6. c3 Nge7 7. Bc4 O-O 8.
O-O Bb6 9. Nc2 d6 10. Bxb6 axb6 11. f4 Be6 {N} 12. Bd3 $5 Rxa2 13. Rxa2 Bxa2
14. Nd2 Be6 15. Ne3 Bc8 16. Qe1 g6 17. g4 Qg7 18. Nf3 (18. f5 $5 f6 $13) 18...
Nd8 (18... f5 $142 $5) 19. Qg3 $6 (19. f5 $1) 19... f5 $1 20. exf5 gxf5 21. g5
Ne6 22. h4 Nc5 23. Bc4+ (23. Bc2 Ne4 $17) 23... Be6 24. Bxe6+ Nxe6 25. h5 Nc5
26. Kh2 b5 $6 (26... Qf7 $1 $17) 27. Rg1 b4 28. h6 Qg6 $6 (28... Qh8 29. Nh4 $1
) (28... Qf7 $142 29. cxb4 Ne4 {/\ Ng6-/+}) 29. cxb4 Qh5+ 30. Kg2 Ne4 31. Qh2
Ng6 $1 32. Ra1 $1 Qxh2+ (32... Re8) 33. Kxh2 Nxf4 34. Ra7 Rb8 35. Nxf5 Ne6 (
35... Kf7 {/\ Kg6}) 36. b5 N4xg5 37. Nxg5 Nxg5 38. b6 cxb6 39. Nxd6 Kf8 40. Kg3
$1 Ke7 41. Kf4 Kxd6 42. Kxg5 Rg8+ 43. Kh5 Kc7 44. Ra1 Rg2 45. Rf1 Rh2+ 1/2-1/2

[Event "Balatonbereny GM"]
[Site "Balatonbereny"]
[Date "1995.??.??"]
[Round "5"]
[White "Anka, Emil"]
[Black "Schlindwein, Rolf"]
[Result "1/2-1/2"]
[WhiteElo "2410"]
[BlackElo "2440"]
[Annotator "Giese"]
[PlyCount "121"]
[EventDate "1995.08.??"]
[EventType "tourn"]
[EventRounds "11"]
[EventCountry "HUN"]
[EventCategory "11"]
[SourceTitle "CBM 050"]
[Source "ChessBase"]
[SourceDate "1996.02.01"]
[SourceVersion "1"]
[SourceVersionDate "1996.02.01"]
[SourceQuality "1"]

1. e4 {Blatny,P} e5 2. Nf3 Nc6 3. d4 exd4 4. Nxd4 Bc5 5. Nxc6 Qf6 6. Qd2 bxc6
7. Bd3 Ne7 8. O-O O-O 9. Kh1 d5 10. Qf4 Qxf4 11. Bxf4 dxe4 12. Bxe4 Nd5 13.
Bxd5 cxd5 14. Bxc7 Ba6 15. Rd1 Bxf2 16. Bg3 Bxg3 17. hxg3 Rab8 18. b3 Rbc8 19.
Rxd5 Rxc2 20. Na3 $17 Rxg2 $1 {[%cal Gb7h1]} 21. Kxg2 (21. Rd7 Rxg3 22. Rxa7
Bd3 {[%cal Yh7h5,Yd3e4,Yf7f5] ->>>} 23. Kh2 Rf3 $17) (21. Ra5 Bb7 22. Rxa7
Rxa2+ $19) 21... Bb7 22. Rad1 Rd8 23. Kf2 (23. Nb5 Rxd5 24. Rxd5 Bxd5+ 25. Kf2
a6 $17) 23... Rxd5 24. Rxd5 Bxd5 {_|_-/+} 25. Nb5 a6 26. Nc3 Bc6 27. Ke3 h5 28.
b4 Kf8 29. a4 Ke7 30. b5 axb5 31. axb5 Bb7 32. Kd4 Kd6 33. Nd1 Bd5 34. Nc3 Bg2
35. Nd1 Bf1 36. Ne3 Bh3 37. Nc4+ Ke6 38. Ne5 Bg2 39. b6 g5 40. Nd3 Kd6 41. Nc5
h4 42. gxh4 gxh4 43. b7 Kc7 44. Ke3 Bxb7 45. Kf4 Bc8 46. Ne4 Kd8 47. Ng5 Ke7
48. Nf3 h3 49. Kg3 Kf6 50. Nd4 Bg4 51. Nc6 Kf5 52. Nd8 f6 53. Nc6 Ke6 54. Nb4
Bf5 55. Nc6 Kd5 56. Ne7+ Ke5 57. Nc6+ Ke4 58. Ne7 Bg4 $4 {Blatny} (58... Be6
$142 59. Nc6 Bg4 60. Ne7 f5 61. Ng6 Ke3 62. Nf4 Kd4 63. Ne6+ (63. Ng6 Ke4 64.
Nf4 h2 $19) 63... Ke5 64. Nf4 h2 $1 65. Nd3+ Kd4 66. Nf2 Ke3 67. Nh1 (67. Kg2
h1=Q+ 68. Nxh1 Bf3+ $19) 67... Bf3 $19) 59. Kxg4 h2 60. Nf5 h1=Q 61. Ng3+
1/2-1/2